Aborígenes chilenos a través de cronistas y viajeros.
Saved in:
| 主要作者: | |
|---|---|
| 格式: | 图书 |
| 语言: | 西班牙语 |
| 出版: |
Santiago, Chile
Andrés Bello
1978
|
| 版: | Segunda edición |
| 主题: | |
| 标签: |
添加标签
没有标签, 成为第一个标记此记录!
|
MARC
| LEADER | 00000cam a2200000 a 4500 | ||
|---|---|---|---|
| 001 | UCE8625 | ||
| 003 | CL-VaPUC | ||
| 005 | 20250227154004.0 | ||
| 008 | 150820e19780000cl |||||||||||||||||spa|d | ||
| 999 | |c 360421 |d 360419 | ||
| 040 | |c Pontificia Universidad Católica de Valparaíso | ||
| 082 | 0 | 4 | |a 983.01 ZAP 1978 |2 21 |
| 100 | 0 | |a Zapater Equioz, Horacio |9 581352 | |
| 245 | 1 | 0 | |a Aborígenes chilenos a través de cronistas y viajeros. |
| 250 | |a Segunda edición | ||
| 260 | 0 | 3 | |a Santiago, Chile |b Andrés Bello |c 1978 |
| 300 | |a 184 páginas. | ||
| 583 | |a last modification |c 20170328 09:18:15 |k Rodrigo Vera | ||
| 650 | 0 | |a Aborígenes |9 329972 | |
| 650 | 0 | |a Vida social y costumbres |9 258725 | |
| 650 | 0 | |a Historia de Chile |9 265473 | |
| 942 | |c BK |2 ddc | ||
| 945 | |d 20150820 22:36:00 |a gsalatino | ||
| 952 | |0 0 |1 0 |2 ddc |3 erb |4 0 |6 983_010000000000000_ZAP_1978 |7 0 |8 X |9 470239 |a FDOBUD |b FDOBUD |e Rojas Zúñiga, Herman, -2014 |i 5169631 |o 983.01 ZAP 1978 |p 5169631 |r 2019-11-23 |t 2 |w 2019-11-23 |y BK_X |z Catalogado en:20150820 |k BUD | ||
| 952 | |0 0 |1 0 |2 ddc |3 erb |4 0 |6 983_010000000000000_ZAP_1978 |7 0 |8 A |9 470240 |a BIBART |b BIBART |i 532131K |o 983.01 ZAP 1978 |p 532131K |r 2025-03-13 |t 1 |w 2019-11-23 |y BK |z Catalogado en:20170331 |k ART | ||
| 952 | |0 0 |1 0 |2 ddc |3 erb |4 0 |6 983_010000000000000_ZAP_1978 |7 0 |8 A |9 470241 |a BIBEDU |b BIBEDU |c ES_NOD |i 5395046 |o 983.01 ZAP 1978 |p 5395046 |r 2023-08-09 |t 3 |w 2019-11-23 |y BK |z Catalogado en:20170609 |k EPE | ||